| 000 | 00634nam a22001937a 4500 | ||
|---|---|---|---|
| 003 | OSt | ||
| 005 | 20210419083638.0 | ||
| 008 | 210226s1990 ||||| |||| 00| 0 eng d | ||
| 040 |
_aeng _beng _cDLC _deng |
||
| 041 | _aeng | ||
| 080 |
_a616.8 _bM-70 |
||
| 100 |
_91185 _aMills, K. Charles |
||
| 245 |
_aThis Special Edition of the Nervous System and Its Diseases _b/ by: The Classics of Neurology and Neurosurgery Library |
||
| 260 |
_aBirmingham, Alabama _bThe Classics of Neurology and Neurosurgery Library _c1990 |
||
| 300 |
_a1056 p. _bill. |
||
| 650 | 0 |
_9100 _aNeurology |
|
| 653 | _aნევროლოგია | ||
| 942 |
_2udc _cBK |
||
| 999 |
_c1808 _d1808 |
||